UBT Library

ELEMENTARY PARTICLES AND THE LAWS OF PHYSICS (Record no. 58971)

000 -LEADER
fixed length control field 00337nam a22001457a 4500
008 - FIXED-LENGTH DATA ELEMENTS--GENERAL INFORMATION
fixed length control field 221121b ||||| |||| 00| 0 eng d
020 ## - INTERNATIONAL STANDARD BOOK NUMBER
International Standard Book Number 9780521340007
041 ## - LANGUAGE CODE
Language code of text/sound track or separate title eng
080 ## - UNIVERSAL DECIMAL CLASSIFICATION NUMBER
Universal Decimal Classification number 30
082 ## - DEWEY DECIMAL CLASSIFICATION NUMBER
Classification number 30
100 ## - Rafti
Rafti 32 FEY
101 ## - Shkurtesa
Shkurtesa JURED
245 ## - TITLE STATEMENT
Title ELEMENTARY PARTICLES AND THE LAWS OF PHYSICS
Statement of responsibility, etc FEYNMAN R
942 ## - ADDED ENTRY ELEMENTS (KOHA)
Source of classification or shelving scheme
Item type Books
Holdings
Withdrawn status Lost status Source of classification or shelving scheme Damaged status Not for loan Collection code Permanent location Current location Date acquired Total Checkouts Full call number Barcode Date last seen Price effective from Koha item type
          Koleksioni i përgjithshem UBT - Lipjan UBT - Lipjan 11/21/2022   30FEY 002-800028700260767 11/21/2022 11/21/2022 Books
UBT Library © 2015-2024. All rights reserved University Education for Business and Technology